| 000 | 00585cab a22001935a 4500 | ||
|---|---|---|---|
| 001 | L160015 | ||
| 008 | 150113e2016 xxk 000 0 eng d | ||
| 035 | _a(Sirsi) u160015 | ||
| 041 | 0 | _aeng | |
| 050 | _a690.24 | ||
| 100 | 1 | _aParrett, Mike | |
| 245 | 0 | 4 | _aThe whole story |
| 260 |
_aLondon _bRICS _c2016 |
||
| 490 |
_aRICS Building Surveying Journal _vMay 2016 - June 2016, 8-9(2) |
||
| 520 | _aLooks at some causes of damp and reminds surveyors to take an holistic approach to diagnosis. | ||
| 650 | 2 | 4 | _aDAMP |
| 690 | _aBUILT ENVIRONMENT-BUILDING PATHOLOGY | ||
| 942 |
_n0 _2ddc |
||
| 999 |
_c85130 _d85130 |
||